000 00434nam a2200169 a 4500
001 0000-8622
003 ELIB.Books
008 110520 1998
035 _a(ELIB.Books)0000-8768
082 _a233
_bCat
100 _aCatchpoole, Alan D.
245 _aThe Wisdom that founded the Earth
260 _bSingapore: Youth For Christ
_c1998
650 _aSalvation
942 _2ddc
_cBK
998 _cbat
_e2011-05-20
999 _c8622
_d8622